Akadémia Policajného zboru Slovenskej republiky základná informácia
| Other Authors: | , , , |
|---|---|
| Format: | Book |
| Language: | Slovak English German |
| Published: |
Bratislava
Akadémia policajného zboru SR
1995
|
| Subjects: |
MARC
| LEADER | 00000nam a2200000 a 4500 | ||
|---|---|---|---|
| 001 | vtls001250208 | ||
| 003 | SK-MaSNL | ||
| 005 | 20260301183853.0 | ||
| 008 | 240226s1995 xo a 000 0 slo | ||
| 015 | |a SNBE1996/01-00080 | ||
| 020 | |a 8088751594 | ||
| 035 | |a SNK000201027 | ||
| 035 | |a urn:nbn:sk:snk-amkfux | ||
| 035 | |a urn:nbn:sk:snk-am003bgp | ||
| 035 | |a 9F0AFBDE-B78D-47A9-AA7C-256347A074D8 | ||
| 040 | |a SNK |b slo |c SNK |e AACR2 | ||
| 041 | 0 | |a slo |a eng |a ger | |
| 044 | |a xo |c SK | ||
| 080 | |a 378.635.174(437.6):351.74(083.9)=854=20=30 |2 1981 | ||
| 080 | |a 351.74 |2 1981 | ||
| 245 | 0 | 0 | |a Akadémia Policajného zboru Slovenskej republiky |b základná informácia |c zostavili Milan Holčík, Ladislav Hriň ; preklad Peter Ďurčo, Libuša Tokárová |
| 246 | 1 | 0 | |a Police Academy of the Slovak Republik |
| 246 | 1 | 0 | |a Polizeiakademie der Slowakischen Republik |
| 260 | |a Bratislava |b Akadémia policajného zboru SR |c 1995 |e [Bratislava] |f Redakčno-vydavateľské odd. Akadémie PZ SR | ||
| 300 | |a 26 s. |b fotogr. |c 21x15 cm | ||
| 500 | |a Súbež. podnáz. angl., nem. | ||
| 500 | |a 400 výt. | ||
| 610 | 2 | 7 | |a Akadémia Policajného zboru Slovenskej republiky v Bratislave |2 SNKKA |9 179411 |
| 655 | 7 | |a informačné publikácie |2 SNK |9 70181 | |
| 700 | 1 | |a Holčík, Milan |4 com |9 7791 | |
| 700 | 1 | |a Hriň, Ladislav |4 com |9 44365 | |
| 700 | 1 | |a Ďurčo, Peter, |d 1954- |4 trl |9 105114 | |
| 700 | 1 | |a Tokárová, Libuša |4 trl |9 47378 | |
| 919 | |a 80-88751-59-4 | ||
| 958 | |a OND | ||
| 958 | |a TL | ||
| 958 | |a BQ | ||
| 999 | |c 858621 |d 860551 | ||
| 952 | |a SNK |b SNK |y PREZ |7 0 |p 17A1014181 |o snkSC 89705 |0 0 |1 0 |4 0 |d 2012-08-21 |f 1 |l 0 |r 2025-09-09 00:00:00 |w 2026-02-24 | ||
| 952 | |t P60, <04>, [BOOK], {604} |a SNK |b SNK |y VYP |7 0 |p 17A0079260 |o snkSC 89705 D1 |0 0 |1 0 |4 0 |d 1997-07-08 |l 0 |r 2005-01-01 00:00:00 |w 2026-02-24 | ||


